00384nam a2200157Ia 45000010006000000050017000060080041000230410008000640820023000721000020000952450058001152600009001733000028001826500008002106540008002181378420260306164826.0260306t2008||||xx |||||||||||||| ||spa|| aESP a005.133PbG44 2008 aGift, NoaheAUT 0aPython para administración de sistemas Unix y Linux c2008 a510 páginas :c22 cm. aGEN aCCC